| 000 | 00407nam a22001457a 4500 | ||
|---|---|---|---|
| 020 | _a0-374-27821-0 | ||
| 082 |
_a823 _bHAZ/G |
||
| 100 | _aHAZZARD, SHERLEY | ||
| 245 | _aTHE GREAT FIRE | ||
| 260 |
_aNEW YORK _bFARRAR, STRAUS, GIROUX |
||
| 300 | _a278 | ||
| 520 | _aA DEEPLY OBSERVED STORY OF LOVE AND SEPERATION, OF DILLUSION AND RECOVERED HUMANITY | ||
| 650 |
_aENGLISH NOVEL _zUNITED STATES |
||
| 942 | _cBK | ||
| 999 |
_c1992 _d1992 |
||